• 首页
  • 本馆介绍
  • 公告通知
  • 最新文献
  • 馆藏检索
  • 电子资源
  • 读者导购
  • 参考咨询
  • 我的图书馆
  • 登录
  • 详细信息显示
  • 放入我的书架
  • 预约/预借图书
  • 作者相关作品
  • 分类相关作品
  • 丛书相关作品
  • 出版社相关作品

书目信息

  • 表格格式
  • 工作单格式
  • 卡片格式
题名:
分子免疫学实验指南
    
 
作者: 黎燕 , 冯健男 , 张纪岩 主编
分册:  
出版信息: 北京   化学工业出版社  2008.5
页数: 294页
开本: 26cm
丛书名: 生物实验室系列
单 册:
中图分类: Q939.91
科图分类:
主题词: 分子免疫学--实验 , 分子免疫学
电子资源:
ISBN: 978-7-122-02367-4
000 01135oam2 2200301 45
001 1354480186
005 20130510094752.39
010    @a978-7-122-02367-4@dCNY59.00
100    @a20130108d2008 em y0chiy0110 ea
101 0  @achi
102    @aCN@b110000
105    @aa z 000yy
106    @ar
200 1  @a分子免疫学实验指南@AFen Zi Mian Yi Xue Shi Yan Zhi Nan@dProtocols of general immunological methods@f黎燕,冯健男,张纪岩主编@FLi Yan, Feng Jian Nan, Zhang Ji Yan Zhu Bian@zeng
210    @a北京@c化学工业出版社@d2008.5
215    @a294页@c图@d26cm
225 2  @a生物实验室系列
330    @a本书包括:蛋白质分析纯化、抗体制备技术、抗体纯化和标记技术、免疫检测技术、免疫细胞分离技术、细胞功能检测、免疫组织化学和免疫电镜等共28章。
461  0 @12001 @a生物实验室系列
510 1  @aPrtocols of general immunological methods@zeng
606 0  @a分子免疫学@x实验
606 0  @a分子免疫学
690    @aQ939.91@v5
701  0 @a黎燕@ALi Yan@c(女, @4主编
701  0 @a冯健男@AFeng Jian Nan@4主编
701  0 @a张纪岩@AZhang Ji Yan@c(女, @4主编
801    @aCN@bTANGWEI@c20130108
905    @b0830156-60@dQ939.91@e72@f5
    
    分子免疫学实验指南=Protocols of general immunological methods/黎燕,冯健男,张纪岩主编.-北京:化学工业出版社,2008.5
    294页:图;26cm.-(生物实验室系列)
    
    
    ISBN 978-7-122-02367-4:CNY59.00
    本书包括:蛋白质分析纯化、抗体制备技术、抗体纯化和标记技术、免疫检测技术、免疫细胞分离技术、细胞功能检测、免疫组织化学和免疫电镜等共28章。
●
相关链接 在E读中查询图书 在五车中查询图书 在当当中查询图书 在豆瓣中查询图书


正题名:分子免疫学实验指南     索取号:Q939.91/72         预约/预借

序号 登录号 条形码 馆藏地/架位号 状态 备注
1 0830156   208301568   第二样本阅览室/ [索取号:Q939.91/72] 在馆    
2 0830157   208301577   第三借阅区/ [索取号:Q939.91/72] 在馆    
3 0830158   208301586   第三借阅区/ [索取号:Q939.91/72] 在馆    
4 0830159   208301595   第三借阅区/ [索取号:Q939.91/72] 在馆    
5 0830160   208301602   第三借阅区/ [索取号:Q939.91/72] 在馆    
唐山师范学院图书馆 欢迎您!
大连网信软件有限公司© 版权所有